Flora of Costa Rica (Registro nro. 2996)

Detalles MARC
000 -CABECERA
Campo de control 00637nam a2200229 a 4500
005 - FECHA Y HORA DE LA ULTIMA TRANSACCION
Campo de control 20191224041655.0
008 - ELEMENTOS DE LONGITUD FIJA—INFORMACION GENERAL
Campo de control 140307b1938 pe ||||| |||| 00| 0 eng d
041 ## - IDIOMA
Código de idioma para texto/pista de sonido o título separado Inglés
044 ## - PAÍS DE PUBLICACIÓN
País de publicación Perú
090 ## - CLASIFICACIÓN LOCAL
Colección LB
Consecutivo 02767
100 ## - ASIENTO PRINCIPAL--NOMBRE PERSONAL
Nombre personal Standley, Paul C.
245 ## - MENCION DE TITULO
Título Flora of Costa Rica
Parte restante del título Melastomaceae
-- Field Museum of Natural History
Mención de responsabilidad 1938
260 ## - PUBLICACION, DISTRIBUCION, ETC. (PIE DE IMPRENTA)
Lugar de publicación, distribución, etc. perú
Nombre del editor, distribuidor, etc. s.e.
Fecha de publicación, distribución, etc. 1938
300 ## - DESCRIPCION FISICA
Extensión 1133 p.
650 ## - ASIENTO SECUNDARIO DE MATERIA - TERMINO TEMATICO
Término temático o nombre geográfico como elemento de entrada Flora
650 ## - ASIENTO SECUNDARIO DE MATERIA - TERMINO TEMATICO
Término temático o nombre geográfico como elemento de entrada Plantas
650 ## - ASIENTO SECUNDARIO DE MATERIA - TERMINO TEMATICO
Término temático o nombre geográfico como elemento de entrada Taxonomía vegetal
650 ## - ASIENTO SECUNDARIO DE MATERIA - TERMINO TEMATICO
Término temático o nombre geográfico como elemento de entrada Claves taxonómicas
650 ## - ASIENTO SECUNDARIO DE MATERIA - TERMINO TEMATICO
Término temático o nombre geográfico como elemento de entrada Identificación de especies
662 ## - ASIENTO SECUNDARIO DE MATERIA - JERARQUIA DEL NOMBRE DE LUGAR(
País o entidad mayor Costa Rica
942 ## - ELEMENTOS ADICIONALES (KOHA)
Tipo de ítem Impreso
Sistema de clasificación Local
Existencias
Withdrawn status Lost status Sistema de Clasificación Damaged status No para préstamo Colección Inventariado Ubicación Permanente Ubicación actual Fecha de adquisición Fuente de Valor Valor Total Checkouts Número topográfico Inventario / Código de Barras Date last seen Ejemplar Price effective from Forma de adquisición Tipo de material
    Local     Botánica Inventariado 2017 Villa de Leyva Villa de Leyva 19/11/2002 Amazon 60000.00   LB-02767 003746 04/12/2012 Ej. 1 04/12/2012   Libro